000
00334nam a2200145Ia 4500
100
_a
Balasubramania/ C.
942
_c
BK
654
_a
Computer
245
_a
ANSI C: with Microsoft C.S.I. & Quick C 2.0
260
_b
Tata Mc Graw hill
_a
New Delhi
_c
1992
082
_a
5.13
_b
PAN
300
_a
360
546
_a
ENGLISH
999
_c
22387
_d
22387